Financial management (Record no. 15173)
[ view plain ]
| 000 -LEADER | |
|---|---|
| fixed length control field | 00620nam a22002297a 4500 |
| 003 - CONTROL NUMBER IDENTIFIER | |
| control field | BD-DhSAU |
| 005 - DATE AND TIME OF LATEST TRANSACTION | |
| control field | 20210915152905.0 |
| 008 - FIXED-LENGTH DATA ELEMENTS--GENERAL INFORMATION | |
| fixed length control field | 210915b xxu||||| |||| 00| 0 eng d |
| 020 ## - INTERNATIONAL STANDARD BOOK NUMBER | |
| International Standard Book Number | 978-93259-8229-1 |
| Terms of availability | 1628.00 |
| 040 ## - CATALOGING SOURCE | |
| Original cataloging agency | BD-DhSAU |
| Language of cataloging | eng. |
| 082 ## - DEWEY DECIMAL CLASSIFICATION NUMBER | |
| Edition number | 22 |
| Classification number | 658.15 |
| Item number | P1922 |
| 100 ## - MAIN ENTRY--PERSONAL NAME | |
| Personal name | Pandey, I M |
| 245 ## - TITLE STATEMENT | |
| Title | Financial management |
| 260 ## - PUBLICATION, DISTRIBUTION, ETC. (IMPRINT) | |
| Place of publication, distribution, etc. | New Delhi |
| Name of publisher, distributor, etc. | Vias Publishing house Pvt. Ltd. |
| Date of publication, distribution, etc. | 2020 |
| 300 ## - PHYSICAL DESCRIPTION | |
| Extent | xxiv, 921 p. |
| Other physical details | ill. ; |
| Dimensions | 24 cm . |
| 500 ## - GENERAL NOTE | |
| General note | Include Index. |
| 504 ## - BIBLIOGRAPHY, ETC. NOTE | |
| Bibliography, etc | Annexure . |
| 590 ## - Name of Cataloguer | |
| Name of Cataloger | Md. Sirajul Islam |
| 600 ## - SUBJECT ADDED ENTRY--PERSONAL NAME | |
| Fuller form of name | I M Pandey |
| 650 ## - SUBJECT ADDED ENTRY--TOPICAL TERM | |
| Topical term or geographic name as entry element | Management |
| 942 ## - ADDED ENTRY ELEMENTS (KOHA) | |
| Source of classification or shelving scheme | Dewey Decimal Classification |
| Koha item type | Book |
| Withdrawn status | Lost status | Source of classification or shelving scheme | Damaged status | Not for loan | Coded location qualifier | Home library | Branch Name | Date acquired | Coded location qualifier | Total Checkouts | Full call number | Barcode | Date last seen | Date checked out | Price effective from | Koha item type | Public note | Shelving location |
|---|---|---|---|---|---|---|---|---|---|---|---|---|---|---|---|---|---|---|
| Dewey Decimal Classification | | | | | SAU Library | SAU Library | 10/06/2021 | | | | | 1 | 658.15 P1922 | 42481 | 21/01/2026 | 18/01/2026 | 15/09/2021 | Book | Project 2021 | |||||
| Dewey Decimal Classification | SAU Library | SAU Library | 15/09/2021 | 658.15 P1922 | 42482 | 15/09/2021 | 15/09/2021 | Book | Project 2021 | General Stacks |
